000 00585nam a2200229Ia 4500
003 OSt
005 20220927104735.0
006 a|||||r|||| 00| 0
007 ta
008 220926b |||||||| |||| 00| 0 eng d
024 _a147204
037 _cReference Collections
040 _aRTL
_cRTL
_beng
041 _2eng
_aeng
082 _a"X:54:Zn1,N70, M6/UN"
110 _aUnited Nations
245 0 _aInternational trade law
260 _c1986
700 _aUnited Nations
942 _h"X:54:Zn1,N70, M6/UN"
_cCC
999 _c688443
_d688443